| Registos Bibliográficos associados ao registo de autoridade |
|
Etiqueta de registo: 00230nam 2200025 450 001 1774896 003 http://id.bnportugal.gov.pt/bib/catbnp/1774896 100 ## $a20110321d2009 k y0pory01030103ba 101 0# $apor$deng 102 ## $aPT 105 ## $aa m 001yy 106 ## $ar 200 1# $aEstórias e projectos de vida de adolescentes institucionalizados$fLuísa Isabel Gomes Freire Nobre Lima$gorient. Maria da Conceição Taborda Simões, David Wolfe 210 #9 $aCoimbra$c[s.n.],$d2009 215 ## $a[2], XIV, 367 p.$cil.$d29 cm 215 ## $a1 disco ótico (CD-ROM) em caixa$cil.$d19 x 14 x 1 cm 305 ## $aEd. impressa e em CD-ROM 320 ## $aBibliografia, p. 319-347 328 #1 $aTese dout. Psicologia (Psicologia do Desenvolvimento), Fac. de Psicologia e Ciências
da Educação, Univ. de Coimbra, 2009 675 ## $a159.94(043)$vBN$zpor$3298060 675 ## $a316.62(043)$vBN$zpor$3834620 700 #1 $aLima,$bLuísa Isabel Gomes Freire Nobre$31455450 702 #1 $aSimões,$bMaria da Conceição Taborda$4727$392308 702 #1 $aWolfe,$bDavid$4727$31455447 801 #0 $aPT$bBN$gRPC 966 ## $lBN$mDEM$sS.A. 50749 P.$x1 966 ## $lBN$mFGMON$sS.A. 140540 V.$x1
Etiqueta de registo: 00254nam 2200025 450 001 2284168 003 http://id.bnportugal.gov.pt/bib/catbnp/2284168 100 ## $a20260413d2025 k y0pory01030103ba 101 0# $apor$deng 102 ## $aPT 105 ## $ay m 001yy 106 ## $ar 200 1# $a O impacto da experiência de polivitimação no funcionamento psicológico de adolescentes
em acolhimento residencial$fAlexandra Isabel Morgadinho Lino$gorient. Luiza Isabel Gomes Freire Nobre Lima, Isabel Maria Marques Alberto 210 #9 $aCoimbra$c[s.n.],$d2025 215 ## $aXVI, 261, 2 p.$d30 cm 328 #1 $aTese dout. Psicologia (Psicologia da Educação e do Desenvolvimento), Faculdade de
Psicologia e de Ciências da Educação da Universidade de Coimbra, 2025 700 #1 $aLino,$bAlexandra Isabel Morgadinho$31995436 702 #1 $aLima,$bLuísa Isabel Gomes Freire Nobre$4727$31455450 702 #1 $aAlberto,$bIsabel Maria Marques$4727$31225716 801 #0 $aPT$bBN$gRPC 966 ## $lBN$mFGMON$x1 971 ## $cisantos$d20260413
|
|
|